| 000 | 01049nas a2200325 4500 | ||
|---|---|---|---|
| 001 | BR2010003538 | ||
| 003 | BR-BrBNA | ||
| 005 | 20231205114602.0 | ||
| 007 | ta | ||
| 008 | 230509b bl.|||p| |||| 00| 00por d | ||
| 040 |
_aBR-BrBNA _bpor _cBiblioteca Nacional de Agricultura |
||
| 041 | _a(Pt) | ||
| 072 | _aL51; M12 | ||
| 100 | 1 | _aSouza, S.M.G. de | |
| 100 | 1 | _aOliveira, D. de | |
| 100 | 1 | _aSantos, C.V. dos | |
| 100 | 1 | _aGomes, M.E.C. | |
| 100 | 1 | _aEsteves, K.D. | |
| 245 | 1 | _aDesempenho e conversão alimentar de juvenis de carpa capim (Ctenopharyngodon idella)alimentadas com Azolla filiculoides e ração com baixo teor lipídico | |
| 650 | _aCARPA CAPIM | ||
| 650 | _aPEIXE DE ÁGUA DOCE | ||
| 650 | _aCONVERSÃO ALIMENTAR | ||
| 650 | _aRAÇÃO | ||
| 650 | _aPLANTA AQUÁTICA | ||
| 650 | _aGANHO DE PESO | ||
| 650 | _aLIPÍDIO | ||
| 773 | 0 |
_tSemina. Ciências Agrárias (Brazil) _xISSN 1676-546X _g(Apr-Jun 2008), v. 29(2) p. 459-464 _wBR2010003538 |
|
| 909 |
_a202311 _bLúcia _c55 _dLúcia Elande |
||
| 942 |
_2AGRIS _n0 _cANA |
||
| 999 |
_c209439 _d209439 |
||